| 000 | 00439nam a2200181Ia 4500 | ||
|---|---|---|---|
| 001 | 11268 | ||
| 005 | 20260306161934.0 | ||
| 008 | 260306t1992||||xx |||||||||||||| ||spa|| | ||
| 041 | _aESP | ||
| 082 |
_a985.02 _bM22 |
||
| 100 |
_aManrique, Nelson _eAUT |
||
| 245 | 0 | _a500 años después...¿el fin de la historia? | |
| 260 | _c1992 | ||
| 300 |
_a216 páginas : _c21cm. |
||
| 650 | _aGEN | ||
| 654 | _aCHU | ||
| 942 |
_cLIB _dJUS _fJUS _2ddc _n |
||
| 999 |
_c11268 _d11268 |
||